The Naked Gun/ (Record no. 22571)

000 -LEADER
fixed length control field 01308nam a22003257a 4500
008 - FIXED-LENGTH DATA ELEMENTS--GENERAL INFORMATION
fixed length control field 260416b xxu||||| |||| 00| 0 eng d
040 ## - CATALOGING SOURCE
Original cataloging agency Cagayan state university
082 ## - DEWEY DECIMAL CLASSIFICATION NUMBER
Edition number 791.4372
Classification number N163 2025
245 ## - TITLE STATEMENT
Title The Naked Gun/
Statement of responsibility, etc directed by Akiva Schaffer ; produced by Seth MacFarlane, Erica Huggings ; written by Dan Gregor, Doug Mand, Akiva Schaffer.
260 ## - PUBLICATION, DISTRIBUTION, ETC. (IMPRINT)
Place of publication, distribution, etc United States :
Name of publisher, distributor, etc Paramount Pictures ; Domain Entertaiment ; Fuzzy Door,
Date of publication, distribution, etc 2025.
300 ## - PHYSICAL DESCRIPTION
Extent 1 videofile, (ca.85 min.):
Other physical details sound, color.
520 ## - SUMMARY, ETC.
Summary, etc Frank Drebin Jr., the son of the legendary detective,must follow in his father's footsteps to save Police Squad from closure while solving a dangerous criminal case.
546 ## - LANGUAGE NOTE
Language note In English subtitle.
650 ## - SUBJECT ADDED ENTRY--TOPICAL TERM
Topical term or geographic name as entry element Action.
650 ## - SUBJECT ADDED ENTRY--TOPICAL TERM
Topical term or geographic name as entry element Crime.
650 ## - SUBJECT ADDED ENTRY--TOPICAL TERM
Topical term or geographic name as entry element Comedy.
700 ## - ADDED ENTRY--PERSONAL NAME
Personal name Schaffer, Akiva, director and writer.
700 ## - ADDED ENTRY--PERSONAL NAME
Personal name Dan, Gregor, writer.
700 ## - ADDED ENTRY--PERSONAL NAME
Personal name Mand, Doug, writer.
700 ## - ADDED ENTRY--PERSONAL NAME
Personal name Mcfarlane, Seth, producer.
700 ## - ADDED ENTRY--PERSONAL NAME
Personal name Huggins, Erica, producer.
700 ## - ADDED ENTRY--PERSONAL NAME
Personal name Scott Olds, Brian, editor.
700 ## - ADDED ENTRY--PERSONAL NAME
Personal name Trost, Brandon, cinematography.
700 ## - ADDED ENTRY--PERSONAL NAME
Personal name Neeson, Liam, star.
700 ## - ADDED ENTRY--PERSONAL NAME
Personal name Anderson, Pamela, star.
700 ## - ADDED ENTRY--PERSONAL NAME
Personal name Hauser, Paul Walter, star.
700 ## - ADDED ENTRY--PERSONAL NAME
Personal name Durand, Kevin, star.
700 ## - ADDED ENTRY--PERSONAL NAME
Personal name Huston, Danny, star.
942 ## - ADDED ENTRY ELEMENTS (KOHA)
Source of classification or shelving scheme
Item type Audio-Visual Materials
Holdings
Price effective from Permanent location Date last seen Not for loan Date acquired Source of classification or shelving scheme Koha item type Collection code Shelving location Damaged status Lost status Withdrawn status Current location Full call number
2026-04-16Cagayan State University - Carig Library2026-04-16 2026-04-16 Audio-Visual MaterialsElectronic Media CenterAudio Visual   Cagayan State University - Carig Library791.4372 N163 2025

Cagayan State University University Library, Carig Campus
Tuguegarao City, Cagayan 3500 | www.csucarig.edu.ph

Powered by Koha